|
|
|
|
| LEADER |
02163nam a2200349 a 4500 |
| 001 |
4865854 |
| 003 |
BD-DhAAL |
| 005 |
20240110123144.0 |
| 008 |
091109s1991 bg a b 100 0 eng d |
| 010 |
|
|
|a \\\91908182
|
| 020 |
|
|
|a 9840511602 :
|c Tk320.00
|
| 040 |
|
|
|a DLC
|c DLC
|d DLC
|
| 082 |
0 |
0 |
|a 339.5/09172/4
|2 20
|
| 245 |
0 |
0 |
|a Structural adjustment policies in the Third World :
|b design and experience /
|c edited by Rehman Sobhan.
|
| 260 |
|
|
|a Dhaka, Bangladesh :
|b University Press,
|c 1991.
|
| 300 |
|
|
|a xii, 290 p. ;
|c 22 cm.
|
| 490 |
0 |
|
|a BIDS studies in development
|
| 500 |
|
|
|a Proceedings and presentations of an international seminar, held in Dhaka in 1990.
|
| 504 |
|
|
|a Includes bibliographical references.
|
| 541 |
1 |
|
|e 00006545, 42033
|a Complimentary copy from Professor Dr. Nasreen Khundker
|
| 650 |
|
0 |
|a Structural adjustment (Economic policy)
|z Developing countries
|x Congresses.
|9 55910
|
| 700 |
1 |
|
|a Sobhan, Rehman.
|
| 830 |
|
|
|a BIDS studies in development
|9 55911
|
| 852 |
4 |
|
|a Ayesha Abed Library
|j General shelf
|
| 942 |
|
|
|2 ddc
|c BK
|
| 999 |
|
|
|c 5316
|d 5316
|
| 952 |
|
|
|0 0
|1 0
|2 ddc
|4 0
|6 339_500000000000000_09172_4_STR_1991
|7 0
|9 5167
|a BRACUL
|b BRACUL
|c GEN
|d 2009-11-09
|e MPH
|g 320.00
|l 0
|o 339.5091724 STR
|p 3010006545
|r 2009-11-09
|t 1
|v 640.00
|w 2009-11-09
|y BK
|
| 952 |
|
|
|0 0
|1 0
|2 ddc
|4 0
|6 339_509172400000000_STR_1991
|7 0
|9 5172
|a BRACUL
|b BRACUL
|c GEN
|d 2009-11-09
|g 235.00
|l 0
|o 339.5091724 STR
|p 3010016452
|r 2009-11-09
|t 2
|v 470.00
|w 2009-11-09
|y BK
|
| 952 |
|
|
|0 0
|1 0
|2 ddc
|4 0
|6 339_509172400000000_STR
|7 0
|9 19141
|a JPGSPH
|b JPGSPH
|c GEN
|d 2012-01-11
|l 0
|o 339.5091724 STR
|p 3060024245
|r 2012-01-15
|t 2
|w 2012-01-15
|y BK
|
| 952 |
|
|
|0 0
|1 0
|2 ddc
|4 0
|6 339_500000000000000_09172_4_STR
|7 0
|9 42997
|a SCL
|b SCL
|c GEN
|d 2014-07-08
|g 320.00
|l 0
|o 339.5091724 STR
|p 3020005321
|r 2014-07-08
|t 4
|w 2014-07-08
|y BK
|
| 952 |
|
|
|0 0
|1 0
|2 ddc
|4 0
|6 339_500000000000000_09172_4_STR
|7 0
|9 43036
|a SCL
|b SCL
|c GEN
|d 1999-12-12
|g 320.00
|l 0
|o 339.5091724 STR
|p 3020002481
|r 2014-07-09
|t 5
|w 2014-07-09
|y BK
|
| 952 |
|
|
|0 0
|1 0
|2 ddc
|4 0
|6 339_509172400000000_STR
|7 0
|9 74931
|a BRACUL
|b BRACUL
|c GEN
|d 2024-01-10
|e Complimentary copy from Professor Dr. Nasreen Khundker
|g 320.00
|l 0
|o 339.5091724 STR
|p 3010042033
|r 2024-01-10
|t 6
|w 2024-01-10
|y BK
|